Statystyki dla Miasta w województwie świętokrzyskim

Kliknij tutaj aby rozwiązać quiz!

Ogólne statystyki

  • Ten quiz został rozwiązany 45 razy
  • Średni wynik to 24 z 48

Statystyki odpowiedzi

LudnośćMiasto% Poprawnych
195 774Kielce
100%
69 051Ostrowiec Świętokrzyski
90%
48 965Starachowice
90%
23 644Sandomierz
87%
45 358Skarżysko-Kamienna
87%
6 496Opatów
80%
15 952Busko-Zdrój
77%
15 149Jędrzejów
77%
19 330Końskie
77%
14 810Staszów
77%
10 844Pińczów
67%
10 043Włoszczowa
63%
3 703Chmielnik
60%
5 579Kazimierza Wielka
60%
4 445Chęciny
57%
3 769Małogoszcz
53%
8 120Połaniec
53%
2 764Wąchock
53%
515Wiślica
53%
1 361Nowa Słupia
50%
4 599Ożarów
50%
8 379Suchedniów
50%
2 240Bodzentyn
47%
5 679Stąporków
47%
1 776Zawichost
47%
1 695Morawica
43%
329Opatowiec
43%
6 484Sędziszów
43%
2 907Daleszyce
40%
2 000Klimontów
40%
1 587Łagów
40%
1 117Pacanów
40%
3 024Ćmielów
37%
2 488Koprzywnica
33%
1 289Skalbmierz
33%
1 425Stopnica
33%
2 015Osiek
30%
3158Piekoszów
30%
1 153Wodzisław
30%
908Działoszyce
27%
2 979Kunów
27%
1 395Łopuszno
27%
955Nowy Korczyn
27%
3 167Radoszyce
27%
1 848Oleśnica
23%
1 106Szydłów
23%
1 152Pierzchnica
20%
1 322Iwaniska
13%

Rozkład punktacji

Percentyl według liczby udzielonych odpowiedzi

Procent ludzi z każdym wynikiem

Twoja historia wyników

Nie rozwiązałeś tego quizu